01785cam a2200361 i 4500001000700000003000700007005001700014007000300031008004100034017005000075020001800125035001300143040002900156080001000185080000800195100004400203245010900247250003500356260004000391300002700431336002200458337003000480338002400510500001300534520042400547650004000971650003901011852014301050903003301193942001801226999001901244952016001263193229SpMaBN20250728111243.0ta100811s2010 sp a | |||| 000 0 spa  aM 33305-2010bOficina Depósito Legal Madrid a9788499460352 aa4806291 aSpMaBNbspacSpMaBNerdc a001:1 a2151 aRuiz, Matilde 0XX49927929234347eaut10aFilosofía, religión y ciencia :bla Tierra, el planeta de la vida, nuestro planeta azul /c[M. Ruiz] aPrimera edición, agosto 2010 aMadrid :bEdición Personal,c2010 a180 páginas ;c23 cm 2rdacontentaTexto 2rdamediaasin mediación 2rdacarrieravolumen aÍndice aPara los amantes de la Naturaleza, de su poder y de sus recursos, la vida toda se encuentra oculta o manifiesta en sus fuentes, ríos, mares, montañas y en toda su biosfera. Por ello la Ciencia es su estudio sin traspasar los límites de su inmensidad y sin explotar sus recursos hasta el punto de atentar gravemente contra la vida. La ecología debe ser un estudio y una forma de armonizar todos los ecosistemas. 4aCiencia-xFilosofía2embne910950 7aReligión y ciencia2embne916806 aES-MaACLbR. 154628cDEPOJ9200651gDedicatoria autógrafa de la autorahDonación: Matilde RuizxEncuadernación rústica con solapas 9234347aRuiz, Matilde ednr n0cMONOGRAFIA c193229d193229 00102udc4070aATENEOMbATENEOMcDEPOJd2023-10-18eDONACIONl0oN-9392p101205940r2023-10-18 00:00:00yMONOGRAFIAzDedicatoria autógrafa de la autora